000
00252nam a22001097a 4500
008
160510b xxu||||| |||| 00| 0 eng d
020
_a
0131963163
041
_a
eng
080
_a
547
245
_a
Kimia organike:
_c
Paula Yurkais Bruice;
942
_2
udc
_c
BK
999
_c
1947
_d
1947